A kisgazda silója

Elmentve itt :
Bibliográfiai részletek
Szerző: Andrássy János
Dokumentumtípus: Cikk
Megjelent: 1943
Sorozat:Magyar lélek : a magyar népművelők országos folyóirata 5 No. 5
Kulcsszavak:Irodalomtudomány
Online Access:http://misc.bibl.u-szeged.hu/2094
LEADER 00589nab a2200169 i 4500
001 misc2094
005 20191106141900.0
008 170607s1943 hu o 0|| hun d
040 |a SZTE Miscellanea Repozitórium  |b hun 
041 |a hun 
100 1 |a Andrássy János 
245 1 2 |a A kisgazda silója  |h [elektronikus dokumentum] /  |c  Andrássy János 
260 |c 1943 
300 |a 219-223 
490 0 |a Magyar lélek : a magyar népművelők országos folyóirata  |v 5 No. 5 
695 |a Irodalomtudomány 
856 4 0 |u http://misc.bibl.u-szeged.hu/2094/1/magyar_lelek_005_005_219-223.pdf  |z Dokumentum-elérés